LEADER 01585nam0 2200397 i 450 001 RAV1253107 005 20231121125646.0 010 $a8815097309 020 $aIT$b2005-10946 100 $a20050920d2004 ||||0itac50 ba 101 | $aita 102 $ait 181 1$6z01$ai $bxxxe 182 1$6z01$an 200 1 $a˜Il œcaso Murri$euna storia italiana$fValeria P. Babini 210 $aBologna$cIl mulino$d©2004 215 $a309 p., [12] c. di tav.$cill.$d22 cm. 225 | $aBiblioteca storica 410 0$1001CFI0001220$12001 $aBiblioteca storica 606 $aMurri, Tullio$xProcesso$2FIR$3RMLC275926$9I 606 $aMurri Bonmartini, Teodolinda$xProcesso$2FIR$3RMLC290536$9I 606 $aBonmartini, Francesco$xUccisione$2FIR$3RMLC290538$9I 676 $a345.4502523$9OMICIDIO PREMEDITATO. ITALIA$v21 676 $a364.152092$9$v21 700 1$aBabini$b, Valeria P.$3BRIV004109$4070$0145205 790 1$aBabini$b, Valeria Paola$3CFIV228779$zBabini, Valeria P. 801 3$aIT$bIT-01$c20050920 850 $aIT-RM0289 $aIT-RM0460 $aIT-FR0017 899 $aBiblioteca Statale A. Baldini$bRM0289 899 $aBiblioteca Dell' Archivio Centrale Dello Stato$bRM0460 899 $aBiblioteca umanistica Giorgio Aprea$bFR0017 $eN 912 $aRAV1253107 950 0$aBiblioteca umanistica Giorgio Aprea$d 52MAG 6/1848$e 52FC 0000000655 VMB RS $fA $h20210401$i20210401 977 $a 04$a 27$a 52 996 $aCaso Murri$91001450 997 $aUNICAS